China's values (Record no. 586546)
[ view plain ]
| 000 -LEADER | |
|---|---|
| fixed length control field | 00363nam a22001337a 4500 |
| 020 ## - INTERNATIONAL STANDARD BOOK NUMBER | |
| International Standard Book Number | 9787520324694 |
| 082 ## - DEWEY DECIMAL CLASSIFICATION NUMBER | |
| Classification number | 951 |
| 100 ## - MAIN ENTRY--PERSONAL NAME | |
| Personal name | Han Zhen and Zhang Weiwen |
| 245 ## - TITLE STATEMENT | |
| Title | China's values |
| Statement of responsibility, etc. | Han Zhen and Zhang Weiwen |
| 260 ## - PUBLICATION, DISTRIBUTION, ETC. | |
| Place of publication, distribution, etc. | China |
| Name of publisher, distributor, etc. | Social Sciences press |
| Date of publication, distribution, etc. | 2018 |
| 300 ## - PHYSICAL DESCRIPTION | |
| Extent | 378p |
| 942 ## - ADDED ENTRY ELEMENTS (KOHA) | |
| Source of classification or shelving scheme | |
| Koha item type | Book |
| Withdrawn status | Lost status | Source of classification or shelving scheme | Materials specified (bound volume or other part) | Damaged status | Not for loan | Permanent Location | Current Location | Shelving location | Date acquired | Full call number | Barcode | Date last seen | Price effective from | Koha item type |
|---|---|---|---|---|---|---|---|---|---|---|---|---|---|---|
| Donated by Chinese Embassy in Pakistan | Central Library (CL) | Central Library (CL) | Chinese Studies | 10/15/2021 | 951 ZHE | CL-D-1364 | 10/15/2021 | 10/15/2021 | Book | |||||
| Donated by Chinese Embassy in Pakistan | Central Library (CL) | Central Library (CL) | Chinese Studies | 10/15/2021 | 951 ZHE | CL-D-1365 | 10/15/2021 | 10/15/2021 | Book |
